000 00580nam a2200217 a 4500
008
020 _a0140224610
049 _aMAIN
090 _aBF441
_bDEB
100 1 _aDe Bono, Edward.
245 1 0 _aAtlas of management thinking /
_cEdward de Bono.
260 _aHarmondsworth :
_bPenguin,
_c1983.
300 _a200 p. :
_bill. ;
_c20 cm.
650 0 _aManagement.
650 0 _aDecision making.
907 _a.b10022600
_b24-04-12
_c17-04-03
003
005 20230123133139.0
040 _cNUST
942 _cBOOKS
_kBF441
_mDEB
999 _c143544
_d143544